000 00575nam a22001817a 4500
003 CEME
005 20210628210151.0
008 210215b xxu||||| |||| 00| 0 eng d
020 _a0-87201-514-9
040 _c.
082 _a620.106 ENC
100 _aCheremisinoff, Nicholas. P
_92953
245 _aEncyclopedia of fluid mechanics dynamics of single fluid flows and mixing
260 _aLONDON
_bGULF PUBLISHIN
_c1999
300 _a1505P, VOL-2
650 _aFLUID MECHANICS DICTIONARIES FLUID FLOWS AND MIXING SINGLE FLUID FLOWS AND MIXING
_978362
942 _cBK
_2ddc
999 _c583497
_d583497